000 00690nam a22002417a 4500
003 UA-OsUOA
001 77199
007 ta
008 20110902b un ||||| |||| 00| 0 ukr d
100 _aВепрев В.С.
090 _a343.13
_bВ30
942 _cBK
040 _aUA-OsUOA
_brus
_cUA-OsUOA
_dUA-OsUOA
245 _aОснования уголовно-процесуальной ответственности
300 _a232 с.
955 _a2
041 _arus
080 _a343.13
020 _a978-5-93295-292-4
260 _aМ.
_bЮрлитинформ
_c2007
650 7 _a343 Кримінальне право. Карні порушення
_2UDC
999 _c363505
_d363505